00498nam a22001697a 450000500170000001000170001702000230003403500170005703700240007408200140009810000180011224500990013026000410022927000310027030000170030150000100031820120806123137.0 aB-454831-832 c150.00a812372120X aB-454831-832 adplbAllied Pub/Ven a686.20954 aKesavan, B.S. aHistory of printing and publishing in India:bA story of culture Re-awakening/cby B.S.Kesavan aNew DelhibNational Book Trustc1997 aA-5 Green Park bNew Delhi a388 p.c23cm aindex